000 00706nam a2200205 ar4500
001 2497
005 20221127090452.0
008 110315s xxk a | 00010 eng d
020 _a9780582825031 :
_cSR30.00
082 0 4 _a428.2407
_bM785 2005
100 1 _aMoor, Peter.
245 1 0 _aNew cutting edge.
_pElementary.
_pWorkbook /
_cP. Moor, S. Cunningham, F. Eales.
260 _aHarlow, England :
_bPearson/Longman,
_c2005.
300 _a112 p. :
_bill. ;
_c30 cm.
650 4 _aEnglish language
_xStudy and teaching.
650 4 _aEnglish language
_vTextbooks for foreign speakers.
650 4 _aEnglish language
_vTextbooks.
700 0 _aCunningham, Sarah,
_ejt. auth.
700 0 _aEales, Frances,
_ejt. auth.
999 _c2495
_d2495